书目信息 |
| 题名: |
谈判学
|
|
| 作者: | 张河清 著 | |
| 分册: | ||
| 出版信息: | 武汉 华中理工大学出版社 1998.01 |
|
| 页数: | 199页 | |
| 开本: | 32开 | |
| 丛书名: | ||
| 单 册: | ||
| 中图分类: | C912.3 | |
| 科图分类: | ||
| 主题词: | 社会结构 , 社会关系 | |
| 电子资源: | ||
| ISBN: | 7-5609-1282-6 | |
| 000 | 00550nam0 2200205 45 | |
| 001 | 0008161037 | |
| 005 | 20000816103609.2 | |
| 010 | @a7-5609-1282-6@d7.00元 | |
| 100 | @a20000816d1998 km y0chiy0120 ea | |
| 101 | 0 | @achi |
| 105 | @a z 000yy | |
| 200 | 1 | @a谈判学@ATan Pan Xue@f张河清 著@FZhang He Qing Zhu |
| 210 | @a武汉@c华中理工大学出版社@d1998.01 | |
| 215 | @a199页@d32开 | |
| 606 | 0 | @a社会结构 |
| 606 | 0 | @a社会关系 |
| 690 | @aC912.3@v3 | |
| 701 | 0 | @a张河清@4著 |
| 801 | @aCN@bPftUser@c20000816 | |
| 905 | @b107637-646@dC912.3@eZH680@f10 | |
| 谈判学/张河清 著.-武汉:华中理工大学出版社,1998.01 |
| 199页;32开 |
| ISBN 7-5609-1282-6:7.00元 |
| ● |
| 相关链接 |
|
|
|
正题名:谈判学
索取号:C912.3/ZH680
 
预约/预借
| 序号 | 登录号 | 条形码 | 馆藏地/架位号 | 状态 | 备注 |
| 1 | 107637 | 201076370 | 社科库509/509社科库 59排5列5层/ [索取号:C912.3/ZH680] | 在馆 | |
| 2 | 107638 | 201076389 | 社科库509/509社科库 59排5列5层/ [索取号:C912.3/ZH680] | 在馆 | |
| 3 | 107639 | 201076398 | 社科库509/509社科库 59排5列5层/ [索取号:C912.3/ZH680] | 在馆 | |
| 4 | 107640 | 201076405 | 社科库509/509社科库 59排5列5层/ [索取号:C912.3/ZH680] | 在馆 | |
| 5 | 107641 | 201076414 | 社科库509/509社科库 59排5列5层/ [索取号:C912.3/ZH680] | 在馆 | |
| 6 | 107642 | 201076423 | 社科库509/509社科库 59排5列5层/ [索取号:C912.3/ZH680] | 在馆 | |
| 7 | 107643 | 201076432 | 社科库509/509社科库 59排5列5层/ [索取号:C912.3/ZH680] | 在馆 | |
| 8 | 107644 | 201076441 | 社科库509/509社科库 59排5列5层/ [索取号:C912.3/ZH680] | 在馆 | |
| 9 | 107645 | 201076450 | 社科库509/509社科库 59排5列5层/ [索取号:C912.3/ZH680] | 在馆 | |
| 10 | 107646 | 201076469 | 社科库509/509社科库 59排5列5层/ [索取号:C912.3/ZH680] | 在馆 |